LDR 00687naa#a2200181#i#450# 001 EN\\bibl\126810 005 20260701171033.3 011 ## _a1815-588X 100 ## _a20260630b2026####ek#y0engy0150####ca 102 ## _aRU 200 1# _aModel for Analyzing Network Activity of Elements in a Telephone IP Network Using an Intruder’s Computer Reconnaissance System _eJournal article 210 1# _aSaint-Petersburg _cFSBEI HE "Emperor Alexander I St. Petersburg State Transport University" _d2026 215 ## _a14 с. 608 ## _aJournal article _2local 675 ## _aЦелостность данных. 004.056.2 _z 700 #1 _aPrivalov _gAndrey A. 700 #1 _aTitov _gDaniil Dmitrievich 856 4# _aatjournal.ru _u